Entraineurs européens saison 2023-2024 - Statistiques

Statistiques générales
  • Ce quiz a été pris 66 fois
  • Le résultat moyen est 13 sur 16
Statistiques - réponses
Par images Réponse % Correct
Carlo Ancelotti
98%
Thomas Tuchel
96%
Mikel Arteta
95%
Luis Enrique
93%
Pep Guardiola
93%
Xavi
93%
Jurgen Klopp
91%
Diego Simeone
89%
Xabi Alonso
88%
Erik ten Hag
84%
Mauricio Pochettino
77%
Unai Emery
77%
Simone Inzaghi
72%
Gian Piero Gasperini
53%
Edin Terzic
49%
Ange Postecoglou
47%
Aucun quiz correspondant
Distribution des résultats
% des personnes avec chaque résultat
Percentile par nombre de réponses
Votre historique - résultats
Vous n’avez pas pris ce quiz